| 000 | 00429nam a2200145 i 4500 | ||
|---|---|---|---|
| 001 | bg | ||
| 100 | 1 | _aCHRZANOWSKA, Elżbieta | |
| 245 | 0 |
_aOsuwisko"Zapadle" w Szymbarku : _banaliza wyników badań geofizycznych i geologiczno-inżynierskich / _cElżbieta Chrzanowska. |
|
| 260 |
_aKraków, _c1980. |
||
| 040 | _cBPK | ||
| 041 | _apol | ||
| 080 | _a550.3:624.13(438) | ||
| 942 | _cKS | ||
| 008 | s pl f |000 0 pol | ||
| 999 |
_c20347 _d20347 |
||
| 856 |
_uhttp://koha.tu.koszalin.pl/cgi-bin/koha/opac-detail.pl?biblionumber=20347 _yKatalog online BPK |
||